000 00809nam a2200253Ia 4500
003 OSt
005 20221005112927.0
006 a|||||r|||| 00| 0
007 ta
008 221004b |||||||| |||| 00| 0 pan d
020 _a9788175992238 (hbk)
_c400
024 _a5735
037 _b710, 26/06/2013, H.K. Prakashan
_cTextual
040 _aCRL
_cCRL
_bpan
041 _2pan
_apan
082 _aO153,1NDEx, Q1
100 _aਦੇਵ
245 0 _aਉਤਰਾਇਣ
_b ਸੂਰਜ ਵੱਲ ਦੀ ਯਾਤਰਾ
260 _aਦਿੱਲੀ
_bਨਵਯੁਗ ਭਾਰਤ
_c2011
300 _a290ਪੰ
_ccm.
650 _aਪੰਜਾਬੀ ਸਾਹਿਤ
942 _hO153,1NDEx, Q1
_cTEXL
_2cc
999 _c1026447
_d1026447